000 00486nam a2200181Ia 4500
001 1594
005 20260306143740.0
008 260306t2015||||xx |||||||||||||| ||spa||
041 _aESP
082 _a153.1
_bA64
100 _aAparicio, Juan José
_eAUT
245 0 _aEl aprendizaje humano y la memoria:
_buna visión integrada y su correlato neurofisiológico
260 _c2015
300 _a371 páginas :
_c24 cm.
650 _aGEN
654 _aCPS
942 _cLIB
_dJUS
_fJUS
_2ddc
_n
999 _c1594
_d1594